000 00488cam a2200133 4500500
005 20260329020445.0
041 _afre
042 _adc
100 1 0 _aGuezennec, Jean
_eauthor
700 1 0 _aMonsan, Pierre
_eauthor
245 0 0 _aRessources marines et biotechnologies bleues
260 _bTechniques de l'ingénieur,
_c2025.
856 4 1 _uhttps://stm.cairn.info/techniques-de-l-ingenieur-ressources-marines-et-biotechnologies-bleues--42834210?lang=fr&redirect-ssocas=7080
999 _c1906113
_d1906113